[Event "VIE-ch U09 Girls"]
[Site "Ho Chi Minh City"]
[Date "2014.07.14"]
[Round "3"]
[White "Nguyen, Thi My Trang"]
[Black "Luong, Hoang Tu Linh"]
[Result "1-0"]
[WhiteElo "1551"]
[BlackElo "1581"]
[PlyCount "57"]
[EventDate "2014.07.13"]
[EventType "swiss"]
[EventRounds "9"]
[EventCountry "VIE"]
[SourceTitle "EXT 2016"]
[Source "ChessBase"]
[SourceDate "2015.10.08"]
[SourceVersion "1"]
[SourceVersionDate "2015.10.08"]
[SourceQuality "1"]

1. e4 e5 2. Bc4 Nc6 3. Nc3 Nf6 4. d3 Bc5 5. Nf3 0-0 6. Bg5 Be7 7. Qd2 Ng4 8. Bxe7 Qxe7 9. 0-0-0 Qc5 10. Rdf1 Nd4 11. h3 Nxf3 12. gxf3 Nf6 13. Rhg1 g6 14. f4 d6 15. f5 c6 16. f3 d5 17. Bb3 b5 18. Qg5 d4 19. Ne2 Nd7 20. h4 a5 21. a3 b4 22. h5 a4 23. Bc4 b3 24. c3 Nb6 25. hxg6 Kh8 26. Qf6+ Kg8 27. Bxf7+ Rxf7 28. Qxf7+ Kh8 29. Qxh7# 1-0